000 00573nam a2200229Ia 4500
003 OSt
005 20231006141440.0
008 210210b2000 xxu||||| |||| 00| 0 eng d
020 _a0070492344
040 _cAL
041 _aeng
082 _a576/29 PELM
100 _aPELCZAR (Michael J),CHAN (E C S)
_991629
245 _aMicrobiology
250 _a5.
260 _aNew Delhi
_bTata McGraw-Hill Publishing Company Ltd.
_c2000
300 _aviii,918
650 _aMicrobiology
_991630
700 _aKRIEG (Noel R)
_991631
906 _a055428
942 _2ddc
_cBK
999 _c128395
_d128395